Southville International School and Colleges
Your cart is empty.
  • Cart
  • Lists
    Public lists Eva Luna New books Lux_list list_1
    Your lists Log in to create your own lists
  • Log in to your account
  • Your cookies
  • Search history
Southville International School and Colleges
  • Advanced search
  • Recent comments
  • Most popular
  • Libraries

Log in to your account

Log in with GOOGLE


If you do not have an external account, but do have a local account, you can still log in:

  1. Home
  2. MARC view: Spelling, level 2.
Normal view MARC view ISBD view

Spelling, level 2. (Record no. 102081)

[ view plain ]
MARC details
000 -LEADER
fixed length control field 00485nam a2200169 a 4500
005 - DATE AND TIME OF LATEST TRANSACTION
control field 20140412111227.0
008 - FIXED-LENGTH DATA ELEMENTS--GENERAL INFORMATION
fixed length control field 010522s19uu xx 00 eng d
020 ## - INTERNATIONAL STANDARD BOOK NUMBER
International Standard Book Number 1-86311-506-4
050 ## - LIBRARY OF CONGRESS CALL NUMBER
Classification number TR(GS 372.632
Item number Sp2 1998
245 ## - TITLE STATEMENT
Title Spelling, level 2.
260 ## - PUBLICATION, DISTRIBUTION, ETC. (IMPRINT)
Place of publication, distribution, etc Greenwood, WA :
Name of publisher, distributor, etc R. I. C. Publications,
Date of publication, distribution, etc 1998.
300 ## - PHYSICAL DESCRIPTION
Extent 42p. ; ill.
520 ## - SUMMARY, ETC.
Summary, etc A comprehensive program teaching children how to spell.
650 ## - SUBJECT ADDED ENTRY--TOPICAL TERM
Topical term or geographic name as entry element Title.
650 ## - SUBJECT ADDED ENTRY--TOPICAL TERM
Topical term or geographic name as entry element English language
Holdings
Withdrawn status Lost status Damaged status Home library Current library Shelving location Date acquired Source of acquisition Total Checkouts Full call number Barcode Date last seen Price effective from Koha item type
      Elizalde Library Elizalde Library Teachers Reference Section 05/22/2001     TR(GS 372.632 Sp2 1998 E0474 04/12/2014 04/12/2014 Books

Spelling, level 2.

APA

(1998). Spelling, level 2. Greenwood, WA: R. I. C. Publications.

Chicago

1998. Spelling, level 2. Greenwood, WA: R. I. C. Publications.

Harvard

(1998). Spelling, level 2. Greenwood, WA: R. I. C. Publications.

MLA

Spelling, level 2. Greenwood, WA: R. I. C. Publications. 1998.

  • Place hold
  • Print
  • Cite
  • Add to your cart (remove)
  • Save record
    BIBTEX Dublin Core MARCXML MARC (non-Unicode/MARC-8) MARC (Unicode/UTF-8) MARC (Unicode/UTF-8, Standard) MODS (XML) RIS
  • More searches
    Search for this title in:
    Other Libraries (WorldCat) Other Databases (Google Scholar) Online Stores (Bookfinder.com) Open Library (openlibrary.org)

Exporting to Dublin Core...

SOUTHVILLE LIBRARY

Southville International School and Colleges Library

1281 Tropical Ave. Cor. Luxembourg St., BF Homes International, Las Pinas City

Tel. No. 8256374 / 252358 Loc. 117/146

Powered by Koha